000 01530nam a2200313 4500
003 CO-CtgCURN
005 20250329165449.0
008 160531s1996 000 0 eng d
040 _aCO-CtgCURN
_bspa
_ccoctgcurn
082 0 _aLEE 1996
_bC824
100 1 _aCorrea Viloria, Doris.
245 1 0 _aDiseño de un programa de estimulacion cognitiva y cognoscitiva para niños de basica primaria del Instituto Agazzi en la ciudad de Cartagena /
_cDoris Correa Viloria, Cristina Echavez Bustamante, Sulena Saenz Sabalza ; asesores, Jacinta Peniche de Paez, Ignacio Luis Herrera Dominguez.
260 _aCartagena de Indias :
_bCorporación Universitaria Rafael Nuñez,
_c1996.
300 _a150 h.
336 _2rdacontent
337 _2rdamedia
_asin mediacion
_bn
338 _2rdacarrier
_avolumen
_bnc
500 _aIncluye anexos.
502 _aTrabajo de grado (Licenciado en Educación Especial). Corporación Universitaria Rafael Nuñez. Facultad de Ciencias Sociales y Humanas. Licenciatura en Educación Especial, 1996.
504 _aIncluye bibliografia.
590 _aLicenciatura en Educación Especial
650 0 _aLicenciatura en Educación Especial
_vTesis y disertaciones academicas.
700 1 _aEchavez Bustamante, Cristina.
700 1 _aSaenz Sabalza, Sulena.
700 1 _aPeniche de Paez, Jacinta,
_easesor.
700 1 _aHerrera Dominguez, Ignacio Luis,
_easesor.
942 _hLEE 1996
_iC824
_2ddc
_cTG
999 _c4871
_d4871